000 01940nam0a2200349 4500
001 RU\NLR\BIBL_A\022648072
005 20260113165337.0
010 _a978-5-907976-70-2
_950
021 _aRU
_bКН-П-25-053424
_9КН-П-25-5151
021 _aRU
_bКН-П-25-053424
_9КН-П-25-6448
035 _a(NLR Aleph) 022648072
090 _a13514070
_c13514070
100 _a20251020d2025 u y0rusy50 ca
101 0 _arus
102 _aRU
105 _aa j 000yy
181 0 _ai
_baxxe
182 0 _an
200 1 _aФизическая культура: теория и практика упражнений в парах
_eучебное пособие
_eдля преподавателей физической культуры, в высших и средних учебных заведениях, студентов и заинтересованных лиц
_fС. А. Евтых, Ю. В. Соболь, Я. Э. Гетманская
_gМинистерство сельского хозяйства Российской Федерации, ФГБОУ ВО "Кубанский государственный аграрный университет имени И. Т. Трубилина"
203 _aТекст
_bвизуальный
_cнепосредственный
210 _aКраснодар
_cКубГАУ
_d2025
215 _a146 с.
_cил., табл.
_d21
320 _aБиблиогр.: с. 144–145 (19 назв.)
606 1 _aГимнастические упражнения парные
_jУчебные издания
_92692108
_3RU\NLR\AUTH\6601764587
686 1 _aЧ516.89я7
700 1 _aЕвтых
_bС. А.
_gСаида Адамовна
701 1 _aСоболь
_bЮ. В.
_gЮлия Владимировна
701 1 _aГетманская
_bЯ. Э.
_gЯна Эрнестовна
942 _cBOOK
980 _aNB